00345nam a2200133Ia 4500008004100000020001800041041000800059082001500067100002700082245004200109250000600151260004200157300001200199210716s2014 xx 000 0 und d a9788120347045 aeng a332.3 POPG aPopli, G S; Puri, S K. aStrategic credit management in banks. a1 aNew DelhibPHI Learning Pvt Ltdc2014 axxi,302